000 00398nam a22001577a 4500
008 250605b |||||||| |||| 00| 0 eng d
020 _a0844275409
050 _aP 95
_b.O 26
100 _aO'Connor J. Regis
245 _aSpeech: Exploring communication
250 _a4th
260 _aChicago
_bNational textbook company
_c1996
300 _a614p
650 _aOral communication
942 _cBK
999 _c3796
_d3796